| 000 | 01191nam a22002897a 4500 | ||
|---|---|---|---|
| 003 | EG-ScBUE | ||
| 005 | 20221122144134.0 | ||
| 008 | 170711s1996 ua f b 000 0 ara d | ||
| 040 |
_aEG-ScBUE _bara _erda _cEG-ScBUE _dEG-ScBUE |
||
| 043 | _af-ua--- | ||
| 082 | 0 | 4 |
_222 _a320.96209041 _bأ ب و |
| 100 | 1 |
_aأبو النور، سامي _d1941 - _eمؤلف. |
|
| 245 | 1 | 0 |
_aدور القصر في الحياة السياسية في مصر1952 : _b1922-1936 / _cتأليف دكتور سامي أبو النور. |
| 250 | _aالطبعة الثانية. | ||
| 264 | 1 |
_aالقاهرة : _bمكتبة مدبولي، _c1996. |
|
| 300 |
_a287 صفحة ؛ _c24 سم. |
||
| 490 | 0 |
_aصفحات من تاريخ مصر ؛ _v28 |
|
| 504 | _aيشتمل على إرجاعات ببليوجرافية. | ||
| 541 | _aBook from store. | ||
| 590 | _aعلياء عادل | ||
| 651 | 7 |
_2BUEsh _aمصر _xسياسة وحكومة _yفاروق، 1936-1952 _929430 |
|
| 651 | 7 |
_2BUEsh _aمصر _xتاريخ _yالاحتلال البريطاني، 1882-1936. |
|
| 651 | 7 |
_2BUEsh _aمصر _xتاريخ _yفاروق، 1936-1952. _98117 |
|
| 653 |
_bBUSBOL _cNovember2022 |
||
| 655 | _vReading book | ||
| 942 | _2ddc | ||
| 999 |
_c30016 _d29987 |
||